Laser Cladding / (Record no. 33928)
[ view plain ]
| 000 -LEADER | |
|---|---|
| fixed length control field | 01243cam a22003374a 4500 |
| 001 - CONTROL NUMBER | |
| control field | 13641616 |
| 003 - CONTROL NUMBER IDENTIFIER | |
| control field | OSt |
| 005 - DATE AND TIME OF LATEST TRANSACTION | |
| control field | 20211217114721.0 |
| 008 - FIXED-LENGTH DATA ELEMENTS--GENERAL INFORMATION | |
| fixed length control field | 040630s2005 flua b 001 0 eng |
| 010 ## - LIBRARY OF CONGRESS CONTROL NUMBER | |
| LC control number | 2004051076 |
| 020 ## - INTERNATIONAL STANDARD BOOK NUMBER | |
| International Standard Book Number | 0849321727 (alk. paper) |
| 038 ## - RECORD CONTENT LICENSOR | |
| Staff Name | khadija |
| 040 ## - CATALOGING SOURCE | |
| Original cataloging agency | DLC |
| Transcribing agency | DLC |
| Modifying agency | DLC |
| 042 ## - AUTHENTICATION CODE | |
| Authentication code | pcc |
| 050 00 - LIBRARY OF CONGRESS CALL NUMBER | |
| Classification number | TA491 |
| Item number | .T69 2005 |
| 082 00 - DEWEY DECIMAL CLASSIFICATION NUMBER | |
| Classification number | 671.73 |
| Edition number | 22 |
| Author Mark | TOY |
| 100 1# - MAIN ENTRY--PERSONAL NAME | |
| Personal name | Toyserkani, Ehsan. |
| 9 (RLIN) | 86823 |
| 245 10 - TITLE STATEMENT | |
| Title | Laser Cladding / |
| Statement of responsibility, etc. | by Ehsan Toyserkani, Amir Khajepour, Stephen Corbin. |
| 260 ## - PUBLICATION, DISTRIBUTION, ETC. | |
| Place of publication, distribution, etc. | Boca Raton, Fl. : |
| Name of publisher, distributor, etc. | CRC Press, |
| Date of publication, distribution, etc. | 2005. |
| 300 ## - PHYSICAL DESCRIPTION | |
| Extent | xiii, 260 p. : |
| Other physical details | ill. ; |
| Dimensions | 24 cm. |
| 504 ## - BIBLIOGRAPHY, ETC. NOTE | |
| Bibliography, etc. note | Includes bibliographical references (p. 235-256) and index. |
| 563 ## - BINDING INFORMATION | |
| Binding note | HB |
| 650 #0 - SUBJECT ADDED ENTRY--TOPICAL TERM | |
| Topical term or geographic name entry element | Metal cladding. |
| 9 (RLIN) | 86824 |
| 650 #0 - SUBJECT ADDED ENTRY--TOPICAL TERM | |
| Topical term or geographic name entry element | Lasers |
| General subdivision | Industrial applications. |
| 9 (RLIN) | 86825 |
| 700 1# - ADDED ENTRY--PERSONAL NAME | |
| Personal name | Khajepour, Amir. |
| 9 (RLIN) | 86826 |
| 700 1# - ADDED ENTRY--PERSONAL NAME | |
| Personal name | Corbin, Stephen. |
| 9 (RLIN) | 86827 |
| 856 42 - ELECTRONIC LOCATION AND ACCESS | |
| Materials specified | Publisher description |
| Uniform Resource Identifier | <a href="http://www.loc.gov/catdir/enhancements/fy0646/2004051076-d.html">http://www.loc.gov/catdir/enhancements/fy0646/2004051076-d.html</a> |
| 906 ## - LOCAL DATA ELEMENT F, LDF (RLIN) | |
| a | 7 |
| b | cbc |
| c | orignew |
| d | 1 |
| e | ocip |
| f | 20 |
| g | y-gencatlg |
| 942 ## - ADDED ENTRY ELEMENTS (KOHA) | |
| Source of classification or shelving scheme | |
| Koha item type | Book |
| Withdrawn status | Lost status | Source of classification or shelving scheme | Damaged status | Not for loan | Permanent Location | Current Location | Shelving location | Date acquired | Full call number | Barcode | Date last seen | Price effective from | Koha item type |
|---|---|---|---|---|---|---|---|---|---|---|---|---|---|
| School of Mechanical & Manufacturing Engineering (SMME) | School of Mechanical & Manufacturing Engineering (SMME) | General Stacks | 05/20/2016 | 671.73 TOY | SMME-3082 | 03/29/2018 | 05/20/2016 | Book |
